000 00700nam a2200277Ia 4500
005 20260324124551.0
008 008 260324s9999 xx 000 0 eng d
020 _a9780429133091
037 _aEBOOK
040 _aCRL
040 _beng
040 _cCRL
041 _2eng
041 _aeng
084 _qCRL
100 _aZhigeng Fang; Sifeng Liu; Yi Lin; Hongxing Shi
_91174651
245 0 _aGrey Game Theory and Its Applications in Economic Decision-Making
260 _bTaylor and Francis
260 _c2010
365 _a
365 _b305
856 _uhttp://www.taylorfrancis.com/books/9780429133091
942 _cEBOOK
999 _c1769136
_d1769136